000 00899nmm a2200277 a 4500
001 ocm000697863
003 TR-IsHL
005 20201028143033.0
008 140118s2008 tu tur
007 cr cn
020 _a9789756195475
035 _a697863
_b(N$T)
050 0 4 _aPZ21
_b.V47 2008
090 0 4 _aPZ21
_b.V47 2008
100 1 _aVerne, Jules
245 1 0 _a80 günde devri alem
_h[electronic resource] /
_cJules Verne ; hazırlayan Berna Yılmaz
260 _aİstanbul :
_bKaranfil Yayınları,
_c2008
300 _a127 p.
650 4 _aDil ve Edebiyat
650 4 _aLanguage and Literature
650 0 _aÇocuk öyküleri, Fransız
650 0 _aChildren's stories, French
650 7 _aJUVENILE FICTION / Historical / Europe
_2bisacsh
700 1 _aYılmaz, Berna
856 4 0 _uhttp://search.ebscohost.com/login.aspx?direct=true&scope=site&db=e011xww&AN=697863
999 _c8683
_d8683